Big 4 Sport-Initialed Teams Quiz Stats

 Plays Quiz Updated Oct 28, 2019

Score 0/7 Timer 01:30
48 Plays Today
Hint Answer % Correct
NFL 'F'Falcons
94%
MLB 'B'Braves
73.4%
MLB 'B'Brewers
67.9%
NBA 'B'Bulls
64.8%
NBA 'B'Bucks
64.5%
NHL 'H'Hurricanes
56.4%
MLB 'B'Blue Jays
51.5%

You're not logged in!

Compare scores with friends on all Sporcle quizzes.
OR
Log In

Sporcle TV

Today on Sporcle TV


Watch our educational content, quiz creation guides, and fun videos on Sporcle TV.

Show Comments

Extras

Top Quizzes Today


Score Distribution

Your Account Isn't Verified!

In order to create a playlist on Sporcle, you need to verify the email address you used during registration. Go to your Sporcle Settings to finish the process.

Report this User

Report this user for behavior that violates our Community Guidelines.

Details: